000 00809nam a2200229 a 4500
001 82577
003 BD-RjUL
005 20240108124610.0
008 240108s2021 bg ||||| |||| 00| 0 eng d
020 _a9789849512448
035 _a(BD-RjUL)82577
040 _aBD-RjUL
_beng
_cBD-RjUL
041 _aben
082 _223
_a891.441
_bMOD 2021
100 _aমোল্লাহ, আবু তালেব
_910781
245 _aদীর্ঘশ্বাস ও তার প্রমিত অনুবাদ /
_cআবু তালেব মোল্লাহ
260 _aঢাকা :
_bচিত্রা প্রকাশনী,
_c২০২১
300 _a১২৮ পৃ.;
_c২২ সেমি.
650 _aবাংলা কবিতা
650 _aBengali poetry
942 _2ddc
_cBK
999 _c82577
_d82577